| 000 | 00390nam a2200169Ia 4500 | ||
|---|---|---|---|
| 008 | 210210b1957 xxu||||| |||| 00| 0 eng d | ||
| 041 | _aeng | ||
| 082 | _a330/195 | ||
| 100 | _aHICKS (J R) | ||
| 245 | _aValue and capital | ||
| 260 |
_aLondon _bOxford At The Clarendon Press _c1957 |
||
| 650 | _aValue | ||
| 650 | _acapital | ||
| 650 | _aand | ||
| 690 | _aEconomics | ||
| 906 | _a003598 | ||
| 999 |
_c119536 _d119536 |
||